Hacia una teoría política del capitalismo periférico /
Uloženo v:
| Hlavní autor: | |
|---|---|
| Médium: | Text |
| Témata: | |
| Tagy: |
Přidat tag
Žádné tagy, Buďte první, kdo vytvoří štítek k tomuto záznamu!
|
MARC
| LEADER | 00000 a a2200000 04500 | ||
|---|---|---|---|
| 001 | 41685 | ||
| 003 | |||
| 040 | |||
| 100 | |a Rudolf Sonntag, Heinz | ||
| 245 | |a Hacia una teoría política del capitalismo periférico / |c Heinz Rudolf Sonntag | ||
| 650 | |a CAPITALISMO | ||
| 650 | |a TEORIA DEL DESARROLLO | ||
| 650 | |a SUBDESARROLLO | ||
| 650 | |a ESTADO | ||
| 650 | |a AMERICA LATINA | ||
| 773 | |g volumen5, número19 (974),páginas 19-56 | ||
| 999 | |c 22238 |d 22238 | ||
